[Event "DEM U16w 2021"]
[Site "Willingen GER"]
[Date "2021.08.26"]
[Round "5"]
[White "Jacobasch, Ronja"]
[Black "Margaryan, Susanna"]
[Result "1-0"]
[Termination "normal"]
[Board "10"]
[WhiteElo "1421"]
[BlackElo "1494"]
[WhiteClock "00:34:01"]
[BlackClock "00:36:56"]
[PlyCount "139"]
[WhiteFideId "34604340"]
[BlackFideId "16268210"]
[EventCountry "GER"]
[EventRounds "9"]
[EventType "swiss"]
[EventDate "2021.08.22"]

1. Nf3 {[%clk 1:30:59]} d5 {[%clk 1:30:33]} 2. g3 {[%clk 1:31:16]} c6 {[%clk
1:30:43]} 3. Bg2 {[%clk 1:31:30]} Bf5 {[%clk 1:30:40]} 4. O-O {[%clk 1:31:25]}
h6 {[%clk 1:30:27]} 5. d3 {[%clk 1:30:26]} Nf6 {[%clk 1:27:14]} 6. Nbd2 {[%clk
1:29:29]} e6 {[%clk 1:26:35]} 7. c4 {[%clk 1:28:48]} dxc4 {[%clk 1:24:57]} 8.
Nxc4 {[%clk 1:28:30]} Be7 {[%clk 1:22:11]} 9. b3 {[%clk 1:24:09]} O-O {[%clk
1:20:24]} 10. Bb2 {[%clk 1:22:03]} a5 {[%clk 1:18:26]} 11. a3 {[%clk 1:20:27]}
Na6 {[%clk 1:06:29]} 12. Rc1 {[%clk 1:10:26]} Bh7 {[%clk 0:57:03]} 13. Rc2
{[%clk 1:02:30]} Nd7 {[%clk 0:49:04]} 14. Qa1 {[%clk 0:56:30]} Bf6 {[%clk
0:46:18]} 15. Bxf6 {[%clk 0:56:05]} Nxf6 {[%clk 0:46:35]} 16. Qb2 {[%clk
0:43:55]} Rc8 {[%clk 0:43:21]} 17. Qc3 {[%clk 0:39:41]} b6 {[%clk 0:41:30]} 18.
Qb2 {[%clk 0:34:29]} b5 {[%clk 0:36:50]} 19. Nce5 {[%clk 0:30:34]} c5 {[%clk
0:35:10]} 20. Nd2 {[%clk 0:28:13]} Qb6 {[%clk 0:33:16]} 21. Rfc1 {[%clk
0:23:59]} Rfd8 {[%clk 0:24:13]} 22. Rc3 {[%clk 0:22:51]} Nd5 {[%clk 0:22:30]}
23. R3c2 {[%clk 0:20:39]} b4 {[%clk 0:21:18]} 24. axb4 {[%clk 0:19:53]} Naxb4
{[%clk 0:19:47]} 25. Rc4 {[%clk 0:18:12]} Qa7 {[%clk 0:15:25]} 26. Be4 {[%clk
0:16:50]} g6 {[%clk 0:12:07]} 27. d4 {[%clk 0:15:02]} f6 {[%clk 0:11:03]} 28.
Nd3 {[%clk 0:11:40]} Nxd3 {[%clk 0:10:24]} 29. Bxd3 {[%clk 0:11:51]} Nb4 {[%clk
0:10:36]} 30. Rxc5 {[%clk 0:09:22]} Rxc5 {[%clk 0:10:03]} 31. Rxc5 {[%clk
0:08:16]} Nxd3 {[%clk 0:10:13]} 32. exd3 {[%clk 0:08:45]} g5 {[%clk 0:09:47]}
33. Ne4 {[%clk 0:08:01]} Bxe4 {[%clk 0:09:01]} 34. dxe4 {[%clk 0:08:28]} e5
{[%clk 0:08:44]} 35. Qc3 {[%clk 0:03:12]} exd4 {[%clk 0:05:45]} 36. Qxa5 {[%clk
0:03:41]} Qxa5 {[%clk 0:05:17]} 37. Rxa5 {[%clk 0:04:10]} d3 {[%clk 0:04:47]}
38. Ra1 {[%clk 0:04:18]} Kf7 {[%clk 0:04:54]} 39. Kf1 {[%clk 0:03:42]} Ke6
{[%clk 0:05:06]} 40. Ke1 {[%clk 0:03:09]} Ke5 {[%clk 0:04:57]} 41. f3 {[%clk
0:02:43]} Kd4 {[%clk 0:04:38]} 42. Kd2 {[%clk 0:02:55]} Rd6 {[%clk 0:01:00]}
43. Ra4+ {[%clk 0:02:05]} Ke5 {[%clk 0:30:10]} 44. Ra5+ {[%clk 0:31:25]} Kd4
{[%clk 0:29:51]} 45. Rd5+ {[%clk 0:31:37]} Rxd5 {[%clk 0:30:02]} 46. exd5
{[%clk 0:32:05]} Kxd5 {[%clk 0:30:13]} 47. Kxd3 {[%clk 0:32:35]} h5 {[%clk
0:30:22]} 48. b4 {[%clk 0:32:37]} f5 {[%clk 0:30:27]} 49. b5 {[%clk 0:32:19]}
Kc5 {[%clk 0:30:47]} 50. b6 {[%clk 0:32:36]} Kxb6 {[%clk 0:31:13]} 51. Kd4
{[%clk 0:32:57]} Kc6 {[%clk 0:31:42]} 52. Ke5 {[%clk 0:33:11]} g4 {[%clk
0:31:57]} 53. fxg4 {[%clk 0:33:07]} fxg4 {[%clk 0:32:17]} 54. Kf5 {[%clk
0:33:23]} Kd5 {[%clk 0:32:40]} 55. Kg5 {[%clk 0:33:33]} Ke5 {[%clk 0:32:47]}
56. Kxh5 {[%clk 0:33:32]} Kf5 {[%clk 0:33:10]} 57. Kh4 {[%clk 0:33:44]} Kf6
{[%clk 0:33:37]} 58. Kxg4 {[%clk 0:34:07]} Kg6 {[%clk 0:33:54]} 59. h4 {[%clk
0:34:30]} Kh7 {[%clk 0:34:00]} 60. Kg5 {[%clk 0:34:51]} Kg7 {[%clk 0:34:24]}
61. h5 {[%clk 0:35:08]} Kf8 {[%clk 0:34:29]} 62. Kh6 {[%clk 0:33:38]} Kg8
{[%clk 0:34:52]} 63. g4 {[%clk 0:33:51]} Kh8 {[%clk 0:35:14]} 64. g5 {[%clk
0:33:20]} Kg8 {[%clk 0:35:33]} 65. g6 {[%clk 0:33:23]} Kh8 {[%clk 0:36:00]} 66.
Kg5 {[%clk 0:33:45]} Kg7 {[%clk 0:36:20]} 67. h6+ {[%clk 0:33:34]} Kg8 {[%clk
0:36:26]} 68. Kf6 {[%clk 0:33:42]} Kh8 {[%clk 0:36:42]} 69. g7+ {[%clk
0:34:01]} Kg8 {[%clk 0:36:56]} 70. h7+ 1-0

[Event "DEM U16w 2021"]
[Site "Willingen GER"]
[Date "2021.08.26"]
[Round "5"]
[White "Schneider, Anna"]
[Black "Krause, Ricarda Sophie"]
[Result "1/2-1/2"]
[Termination "normal"]
[Board "11"]
[WhiteElo "1686"]
[BlackElo "1474"]
[WhiteClock "00:37:22"]
[BlackClock "00:10:24"]
[PlyCount "66"]
[WhiteFideId "16200527"]
[BlackFideId "16282930"]
[EventCountry "GER"]
[EventRounds "9"]
[EventType "swiss"]
[EventDate "2021.08.22"]

1. e4 {[%clk 1:30:57]} e5 {[%clk 1:30:50]} 2. Nf3 {[%clk 1:31:22]} Nc6 {[%clk
1:31:10]} 3. Bc4 {[%clk 1:31:47]} Nf6 {[%clk 1:31:25]} 4. d4 {[%clk 1:32:08]}
exd4 {[%clk 1:31:31]} 5. e5 {[%clk 1:32:31]} d5 {[%clk 1:31:10]} 6. Bb5 {[%clk
1:32:53]} Ne4 {[%clk 1:30:27]} 7. Nxd4 {[%clk 1:33:07]} Bd7 {[%clk 1:30:20]} 8.
Bxc6 {[%clk 1:33:21]} bxc6 {[%clk 1:27:58]} 9. O-O {[%clk 1:32:40]} Bc5 {[%clk
1:26:45]} 10. f3 {[%clk 1:32:40]} Ng5 {[%clk 1:25:20]} 11. f4 {[%clk 1:32:49]}
Ne4 {[%clk 1:23:17]} 12. Be3 {[%clk 1:32:46]} Bb6 {[%clk 1:21:44]} 13. Nd2
{[%clk 1:31:23]} c5 {[%clk 1:17:40]} 14. Nxe4 {[%clk 1:29:51]} cxd4 {[%clk
1:06:37]} 15. Nf6+ {[%clk 1:21:46]} gxf6 {[%clk 0:57:17]} 16. Bxd4 {[%clk
1:20:28]} fxe5 {[%clk 0:50:41]} 17. Bxb6 {[%clk 1:11:17]} axb6 {[%clk 0:43:56]}
18. fxe5 {[%clk 1:06:21]} Be6 {[%clk 0:39:30]} 19. Qh5 {[%clk 1:03:03]} Qe7
{[%clk 0:36:24]} 20. a4 {[%clk 0:58:16]} Qb4 {[%clk 0:30:52]} 21. b3 {[%clk
0:52:03]} Qg4 {[%clk 0:26:13]} 22. Qh6 {[%clk 0:49:05]} Rg8 {[%clk 0:20:09]}
23. Qd2 {[%clk 0:46:49]} h5 {[%clk 0:18:10]} 24. Rf2 {[%clk 0:44:44]} h4 {[%clk
0:15:49]} 25. Qc3 {[%clk 0:42:54]} c5 {[%clk 0:15:06]} 26. a5 {[%clk 0:41:30]}
Qd4 {[%clk 0:13:58]} 27. Qe1 {[%clk 0:39:39]} Qb4 {[%clk 0:11:17]} 28. c3
{[%clk 0:38:16]} Qb5 {[%clk 0:10:56]} 29. axb6 {[%clk 0:37:07]} Rxa1 {[%clk
0:11:16]} 30. Qxa1 {[%clk 0:37:32]} Qxb6 {[%clk 0:11:38]} 31. Qa8+ {[%clk
0:37:37]} Qd8 {[%clk 0:12:00]} 32. Qc6+ {[%clk 0:37:35]} Qd7 {[%clk 0:11:36]}
33. Qxc5 {[%clk 0:37:22]} Qe7 {[%clk 0:10:24]} 1/2-1/2

[Event "DEM U16w 2021"]
[Site "Willingen GER"]
[Date "2021.08.26"]
[Round "6"]
[White "Dietz, Kristin"]
[Black "Doll, Rebecca"]
[Result "0-1"]
[Termination "normal"]
[Board "1"]
[WhiteElo "1933"]
[BlackElo "1803"]
[WhiteClock "00:19:56"]
[BlackClock "00:23:32"]
[PlyCount "88"]
[WhiteFideId "12993743"]
[BlackFideId "16236890"]
[EventCountry "GER"]
[EventRounds "9"]
[EventType "swiss"]
[EventDate "2021.08.22"]

1. e4 {[%clk 1:30:59]} e5 2. Nf3 {[%clk 1:31:25]} Nc6 {[%clk 1:31:02]} 3. Bb5
{[%clk 1:31:51]} a6 {[%clk 1:31:21]} 4. Ba4 {[%clk 1:32:18]} b5 {[%clk
1:31:43]} 5. Bb3 {[%clk 1:32:43]} g6 {[%clk 1:31:54]} 6. O-O {[%clk 1:30:38]}
Bg7 {[%clk 1:31:32]} 7. c3 {[%clk 1:29:52]} Nge7 {[%clk 1:31:19]} 8. d4 {[%clk
1:25:11]} exd4 {[%clk 1:31:27]} 9. cxd4 {[%clk 1:24:01]} O-O {[%clk 1:29:58]}
10. Nc3 {[%clk 1:19:32]} d6 {[%clk 1:28:52]} 11. h3 {[%clk 1:19:08]} h6 {[%clk
1:20:13]} 12. Be3 {[%clk 1:17:36]} Na5 {[%clk 1:15:34]} 13. Bc2 {[%clk
1:17:32]} Nc4 {[%clk 1:15:07]} 14. Qc1 {[%clk 1:17:20]} Nxe3 {[%clk 1:13:27]}
15. Qxe3 {[%clk 1:17:22]} Re8 16. Rad1 b4 {[%clk 1:02:24]} 17. Ne2 {[%clk
1:09:50]} Bb7 {[%clk 0:59:05]} 18. Qb3 {[%clk 1:08:07]} Rb8 {[%clk 0:55:25]}
19. Nf4 {[%clk 1:07:08]} Qc8 {[%clk 0:48:29]} 20. a3 {[%clk 0:59:55]} bxa3
{[%clk 0:38:23]} 21. Qxa3 {[%clk 1:00:16]} Nc6 {[%clk 0:37:33]} 22. Rfe1 {[%clk
0:59:12]} Ba8 {[%clk 0:33:23]} 23. Ba4 {[%clk 0:58:32]} Rd8 {[%clk 0:31:17]}
24. Nd5 {[%clk 0:55:25]} Kh7 {[%clk 0:23:41]} 25. Qc3 {[%clk 0:49:16]} Nxd4
{[%clk 0:19:09]} 26. Nxd4 {[%clk 0:46:25]} c5 {[%clk 0:19:36]} 27. Qf3 {[%clk
0:39:53]} cxd4 {[%clk 0:19:01]} 28. Qxf7 {[%clk 0:35:34]} Rf8 {[%clk 0:18:42]}
29. Qe7 {[%clk 0:35:44]} Rxb2 {[%clk 0:16:31]} 30. f3 {[%clk 0:31:18]} Qd8
{[%clk 0:13:36]} 31. Qe6 {[%clk 0:29:10]} Qa5 {[%clk 0:10:50]} 32. Bb3 {[%clk
0:25:45]} Rxb3 {[%clk 0:05:31]} 33. Nf6+ {[%clk 0:26:03]} Bxf6 {[%clk 0:05:17]}
34. Qxb3 {[%clk 0:26:24]} Bc6 35. Qe6 {[%clk 0:21:39]} Qe5 {[%clk 0:03:50]} 36.
Qc4 {[%clk 0:18:25]} Qb5 {[%clk 0:02:37]} 37. Qc2 {[%clk 0:18:07]} Qa4 {[%clk
0:02:49]} 38. Qf2 {[%clk 0:17:28]} Bb5 {[%clk 0:02:06]} 39. f4 {[%clk 0:16:52]}
d3 {[%clk 0:01:39]} 40. e5 {[%clk 0:17:08]} dxe5 {[%clk 0:00:57]} 41. fxe5
{[%clk 0:17:30]} Bg7 {[%clk 0:28:42]} 42. Qc5 {[%clk 0:27:42]} Qc2 {[%clk
0:24:04]} 43. Qd4 {[%clk 0:19:56]} Bc6 {[%clk 0:23:23]} 44. Qg4 Rf2 {[%clk
0:23:32]} 0-1

[Event "DEM U16w 2021"]
[Site "Willingen GER"]
[Date "2021.08.26"]
[Round "6"]
[White "Yue, Qizhou"]
[Black "Reuter, Elisa"]
[Result "1-0"]
[Termination "normal"]
[Board "2"]
[BlackTitle "WCM"]
[WhiteElo "1798"]
[BlackElo "1845"]
[WhiteClock "00:11:48"]
[BlackClock "00:12:15"]
[PlyCount "119"]
[WhiteFideId "16273800"]
[BlackFideId "12995444"]
[EventCountry "GER"]
[EventRounds "9"]
[EventType "swiss"]
[EventDate "2021.08.22"]

1. e4 {[%clk 1:30:57]} c5 {[%clk 1:30:57]} 2. Nc3 {[%clk 1:31:23]} Nc6 {[%clk
1:31:24]} 3. Nge2 {[%clk 1:31:42]} g6 {[%clk 1:31:47]} 4. d4 {[%clk 1:32:03]}
cxd4 {[%clk 1:32:11]} 5. Nxd4 {[%clk 1:32:27]} Bg7 {[%clk 1:32:39]} 6. Nde2
{[%clk 1:32:46]} Nf6 {[%clk 1:31:48]} 7. g3 {[%clk 1:32:49]} d6 {[%clk
1:28:56]} 8. Bg2 {[%clk 1:33:02]} O-O {[%clk 1:26:33]} 9. O-O {[%clk 1:33:09]}
Bd7 {[%clk 1:20:39]} 10. h3 {[%clk 1:30:36]} a6 {[%clk 1:18:25]} 11. a4 {[%clk
1:30:35]} Rb8 {[%clk 1:17:07]} 12. Nd5 {[%clk 1:20:30]} Nxd5 {[%clk 1:12:17]}
13. exd5 {[%clk 1:20:49]} Ne5 {[%clk 1:11:35]} 14. Ra2 {[%clk 1:16:49]} a5
{[%clk 0:53:58]} 15. b3 {[%clk 1:15:09]} Bc8 {[%clk 0:51:02]} 16. Bb2 {[%clk
1:10:42]} Nd7 {[%clk 0:47:27]} 17. Bxg7 {[%clk 1:09:23]} Kxg7 {[%clk 0:47:51]}
18. Nd4 {[%clk 1:06:35]} Nc5 {[%clk 0:46:15]} 19. Qd2 {[%clk 0:57:10]} Bd7
{[%clk 0:43:57]} 20. Kh2 {[%clk 0:53:19]} Qc7 {[%clk 0:35:39]} 21. f4 {[%clk
0:46:34]} e6 {[%clk 0:25:53]} 22. dxe6 {[%clk 0:38:23]} fxe6 {[%clk 0:26:09]}
23. Raa1 {[%clk 0:36:02]} Rbd8 {[%clk 0:23:43]} 24. Rae1 {[%clk 0:31:35]} Rde8
{[%clk 0:21:59]} 25. Ne2 {[%clk 0:23:13]} Kg8 {[%clk 0:17:27]} 26. Nc3 {[%clk
0:23:15]} Bc6 {[%clk 0:16:36]} 27. Bxc6 {[%clk 0:21:35]} bxc6 {[%clk 0:16:58]}
28. Qd4 {[%clk 0:20:09]} Nb7 {[%clk 0:15:07]} 29. Ne4 {[%clk 0:19:25]} Qd8
{[%clk 0:11:12]} 30. Qc3 {[%clk 0:17:20]} c5 {[%clk 0:09:43]} 31. Rd1 {[%clk
0:16:08]} Qe7 {[%clk 0:08:41]} 32. Rfe1 {[%clk 0:15:23]} h6 {[%clk 0:07:59]}
33. Qd3 {[%clk 0:13:59]} d5 {[%clk 0:06:15]} 34. Nf2 {[%clk 0:14:03]} Kh7
{[%clk 0:04:19]} 35. Ng4 {[%clk 0:13:33]} Qg7 {[%clk 0:02:33]} 36. Ne5 {[%clk
0:12:17]} Rc8 {[%clk 0:02:01]} 37. Qa6 {[%clk 0:07:58]} Rfe8 {[%clk 0:02:01]}
38. Re2 {[%clk 0:04:28]} Rcd8 {[%clk 0:01:41]} 39. Rde1 {[%clk 0:03:36]} Rd6
{[%clk 0:01:43]} 40. Qb5 {[%clk 0:03:05]} Qe7 {[%clk 0:01:24]} 41. Qd3 {[%clk
0:26:02]} Qf6 {[%clk 0:29:01]} 42. Ng4 {[%clk 0:25:45]} Qf7 {[%clk 0:25:56]}
43. Re5 {[%clk 0:25:07]} Kg7 {[%clk 0:25:30]} 44. Qe3 {[%clk 0:24:27]} h5
{[%clk 0:23:11]} 45. Nf2 {[%clk 0:22:59]} Rc6 {[%clk 0:21:52]} 46. Rxd5 {[%clk
0:19:05]} exd5 {[%clk 0:21:59]} 47. Qxe8 {[%clk 0:19:30]} Qxe8 {[%clk 0:22:16]}
48. Rxe8 {[%clk 0:19:55]} Kf7 {[%clk 0:21:53]} 49. Rb8 {[%clk 0:19:59]} Nd6
{[%clk 0:20:17]} 50. Nd3 {[%clk 0:20:02]} Kg7 {[%clk 0:19:09]} 51. Ne5 {[%clk
0:20:13]} Ra6 {[%clk 0:18:47]} 52. Kg2 {[%clk 0:18:27]} Nf5 {[%clk 0:17:17]}
53. Kf2 {[%clk 0:16:46]} Nd6 {[%clk 0:16:01]} 54. g4 {[%clk 0:13:08]} hxg4
{[%clk 0:16:20]} 55. hxg4 {[%clk 0:13:31]} Ne4+ {[%clk 0:16:08]} 56. Ke3 {[%clk
0:13:51]} Nd6 {[%clk 0:15:57]} 57. Rd8 {[%clk 0:13:30]} d4+ {[%clk 0:13:57]}
58. Kd3 {[%clk 0:12:06]} Nf7 {[%clk 0:11:49]} 59. Rd7 {[%clk 0:11:40]} Rf6
{[%clk 0:12:15]} 60. Rxf7+ {[%clk 0:11:48]} 1-0

[Event "DEM U16w 2021"]
[Site "Willingen GER"]
[Date "2021.08.26"]
[Round "6"]
[White "Heutling, Elina"]
[Black "Wagner, Margarethe"]
[Result "1/2-1/2"]
[Termination "normal"]
[Board "3"]
[WhiteElo "1919"]
[BlackElo "1832"]
[WhiteClock "00:10:48"]
[BlackClock "00:06:50"]
[PlyCount "60"]
[WhiteFideId "16244729"]
[BlackFideId "16236947"]
[EventCountry "GER"]
[EventRounds "9"]
[EventType "swiss"]
[EventDate "2021.08.22"]

1. e4 {[%clk 1:30:55]} c5 {[%clk 1:30:53]} 2. Nf3 {[%clk 1:31:21]} d6 {[%clk
1:31:14]} 3. d4 {[%clk 1:31:48]} cxd4 {[%clk 1:31:36]} 4. Nxd4 {[%clk 1:32:14]}
Nf6 {[%clk 1:31:56]} 5. Nc3 {[%clk 1:32:39]} a6 {[%clk 1:32:18]} 6. Be2 {[%clk
1:33:00]} e5 {[%clk 1:32:13]} 7. Nb3 {[%clk 1:33:20]} Be7 {[%clk 1:31:57]} 8.
Bg5 {[%clk 1:32:55]} Nbd7 {[%clk 1:30:42]} 9. a4 {[%clk 1:32:20]} h6 {[%clk
1:30:22]} 10. Bh4 {[%clk 1:30:09]} g5 {[%clk 1:21:07]} 11. Bg3 {[%clk 1:29:55]}
h5 {[%clk 1:18:16]} 12. f3 {[%clk 1:26:15]} Nf8 {[%clk 1:10:44]} 13. Qd2 {[%clk
1:10:28]} Ne6 {[%clk 1:06:13]} 14. O-O-O {[%clk 1:06:47]} Nf4 {[%clk 0:59:27]}
15. Bxf4 {[%clk 1:00:51]} gxf4 {[%clk 0:57:17]} 16. Bc4 {[%clk 0:54:05]} Qc7
{[%clk 0:45:45]} 17. Bd5 {[%clk 0:52:56]} Be6 {[%clk 0:37:21]} 18. Kb1 {[%clk
0:50:25]} Rc8 {[%clk 0:32:13]} 19. Qe2 {[%clk 0:44:21]} Bxd5 {[%clk 0:23:41]}
20. Nxd5 {[%clk 0:43:10]} Nxd5 {[%clk 0:22:54]} 21. Rxd5 {[%clk 0:43:22]} Qc4
{[%clk 0:22:06]} 22. Qxc4 {[%clk 0:41:57]} Rxc4 {[%clk 0:22:29]} 23. Na5 {[%clk
0:40:27]} Rc7 {[%clk 0:19:57]} 24. b3 {[%clk 0:38:51]} Kd7 {[%clk 0:17:35]} 25.
Nc4 {[%clk 0:36:55]} Ke6 {[%clk 0:17:15]} 26. Rhd1 {[%clk 0:28:58]} Rc6 {[%clk
0:15:09]} 27. R1d2 {[%clk 0:19:55]} h4 {[%clk 0:12:40]} 28. h3 {[%clk 0:19:44]}
Rg8 {[%clk 0:12:45]} 29. Kb2 {[%clk 0:13:49]} Rgc8 {[%clk 0:11:27]} 30. a5
{[%clk 0:10:48]} Rf8 {[%clk 0:06:50]} 1/2-1/2

[Event "DEM U16w 2021"]
[Site "Willingen GER"]
[Date "2021.08.26"]
[Round "6"]
[White "Werner, Rosalie"]
[Black "Buchholz, Maja"]
[Result "0-1"]
[Termination "normal"]
[Board "4"]
[WhiteElo "1741"]
[BlackElo "1720"]
[WhiteClock "00:01:15"]
[BlackClock "00:19:15"]
[PlyCount "136"]
[WhiteFideId "16223748"]
[BlackFideId "16200500"]
[EventCountry "GER"]
[EventRounds "9"]
[EventType "swiss"]
[EventDate "2021.08.22"]

1. e4 {[%clk 1:30:57]} c6 {[%clk 1:30:46]} 2. d4 {[%clk 1:30:35]} d5 {[%clk
1:31:08]} 3. Nd2 {[%clk 1:30:57]} dxe4 {[%clk 1:31:28]} 4. Nxe4 {[%clk
1:31:20]} Nd7 {[%clk 1:31:48]} 5. Nf3 {[%clk 1:29:55]} Ngf6 {[%clk 1:32:01]} 6.
Ng3 {[%clk 1:27:05]} g6 {[%clk 1:29:52]} 7. Bc4 {[%clk 1:21:58]} Nb6 {[%clk
1:28:24]} 8. Bb3 {[%clk 1:21:12]} Bg7 {[%clk 1:27:24]} 9. c3 {[%clk 1:19:44]}
O-O {[%clk 1:27:21]} 10. O-O {[%clk 1:18:54]} Qc7 {[%clk 1:25:02]} 11. Re1
{[%clk 1:16:32]} Bg4 {[%clk 1:23:45]} 12. h3 {[%clk 1:14:13]} Bc8 {[%clk
1:20:37]} 13. Be3 {[%clk 1:07:44]} Nbd5 {[%clk 1:18:41]} 14. Qd2 {[%clk
1:02:52]} Nxe3 {[%clk 1:18:45]} 15. Qxe3 {[%clk 1:00:31]} e6 {[%clk 1:18:23]}
16. Qe5 {[%clk 0:38:32]} Qb6 {[%clk 1:14:22]} 17. Qe2 {[%clk 0:26:45]} c5
{[%clk 1:10:57]} 18. dxc5 {[%clk 0:21:45]} Qxc5 {[%clk 1:11:00]} 19. Ne4 {[%clk
0:19:54]} Qc7 {[%clk 1:07:21]} 20. Nxf6+ {[%clk 0:18:27]} Bxf6 {[%clk 1:07:40]}
21. Ne5 {[%clk 0:17:49]} Bg7 {[%clk 1:05:53]} 22. Rad1 {[%clk 0:17:34]} b6
{[%clk 1:02:32]} 23. Nc4 {[%clk 0:06:52]} Ba6 {[%clk 1:00:35]} 24. Qe4 {[%clk
0:05:32]} Rad8 {[%clk 0:59:31]} 25. Ne3 {[%clk 0:04:51]} b5 {[%clk 0:49:06]}
26. Qb4 {[%clk 0:02:11]} h5 {[%clk 0:39:25]} 27. a3 {[%clk 0:02:17]} Bf6 {[%clk
0:38:50]} 28. Qe4 {[%clk 0:02:12]} Bb7 {[%clk 0:38:36]} 29. Qc2 {[%clk
0:02:21]} Qf4 {[%clk 0:31:30]} 30. Rxd8 {[%clk 0:01:22]} Rxd8 {[%clk 0:30:25]}
31. Qe2 {[%clk 0:01:33]} Bc6 {[%clk 0:27:13]} 32. Rd1 {[%clk 0:01:22]} Rc8
{[%clk 0:25:44]} 33. Rd2 {[%clk 0:01:15]} Kg7 {[%clk 0:23:17]} 34. Nf1 {[%clk
0:01:24]} Qg5 {[%clk 0:21:49]} 35. f3 {[%clk 0:01:25]} Be7 {[%clk 0:20:24]} 36.
Kh1 {[%clk 0:01:27]} Bc5 {[%clk 0:20:33]} 37. Qe1 {[%clk 0:01:18]} Bxf3 {[%clk
0:20:40]} 38. h4 {[%clk 0:01:14]} Qg4 {[%clk 0:20:15]} 39. Nh2 {[%clk 0:01:29]}
Bxg2+ {[%clk 0:13:22]} 40. Rxg2 {[%clk 0:01:48]} Qf4 {[%clk 0:12:37]} 41. Nf1
{[%clk 0:13:46]} Be7 {[%clk 0:35:06]} 42. Nd2 {[%clk 0:09:55]} Bxh4 {[%clk
0:28:14]} 43. Qe4 {[%clk 0:09:06]} Bg5 {[%clk 0:22:34]} 44. Qxf4 {[%clk
0:04:31]} Bxf4 {[%clk 0:22:58]} 45. Nf3 {[%clk 0:03:49]} e5 {[%clk 0:21:12]}
46. Ng5 {[%clk 0:02:04]} Bxg5 {[%clk 0:20:46]} 47. Rxg5 {[%clk 0:02:28]} f5
{[%clk 0:20:06]} 48. Bc2 {[%clk 0:01:56]} Kf6 {[%clk 0:19:23]} 49. Rg2 {[%clk
0:02:13]} e4 {[%clk 0:19:15]} 50. Re2 {[%clk 0:01:38]} Ke5 {[%clk 0:18:49]} 51.
Kg2 {[%clk 0:01:32]} Re8 {[%clk 0:17:32]} 52. Kg3 {[%clk 0:01:28]} g5 {[%clk
0:17:35]} 53. Kg2 {[%clk 0:01:04]} h4 {[%clk 0:17:40]} 54. Kh3 {[%clk 0:01:01]}
Rh8 {[%clk 0:17:56]} 55. Bd3 {[%clk 0:00:42]} g4+ {[%clk 0:18:05]} 56. Kg2
{[%clk 0:00:45]} a6 {[%clk 0:18:21]} 57. Bc2 {[%clk 0:00:38]} Kf4 {[%clk
0:18:15]} 58. Rf2+ {[%clk 0:00:43]} Kg5 {[%clk 0:18:40]} 59. Re2 {[%clk
0:00:42]} h3+ {[%clk 0:18:26]} 60. Kh2 {[%clk 0:00:43]} Kh4 {[%clk 0:18:34]}
61. Bxe4 {[%clk 0:00:33]} fxe4 {[%clk 0:18:45]} 62. Rxe4 {[%clk 0:00:56]} Rh6
{[%clk 0:18:38]} 63. c4 {[%clk 0:00:47]} Rf6 {[%clk 0:17:53]} 64. Kg1 {[%clk
0:00:47]} bxc4 {[%clk 0:17:56]} 65. Rxc4 {[%clk 0:01:06]} Kg3 {[%clk 0:18:20]}
66. Rc3+ {[%clk 0:01:00]} Rf3 {[%clk 0:18:46]} 67. Rc1 {[%clk 0:00:52]} h2+
{[%clk 0:18:48]} 68. Kh1 {[%clk 0:01:15]} Kh3 {[%clk 0:19:15]} 0-1

[Event "DEM U16w 2021"]
[Site "Willingen GER"]
[Date "2021.08.26"]
[Round "6"]
[White "Becker, Linda"]
[Black "Cordes, Jule"]
[Result "1/2-1/2"]
[Termination "normal"]
[Board "5"]
[WhiteElo "1674"]
[BlackElo "1790"]
[WhiteClock "00:29:46"]
[BlackClock "00:35:12"]
[PlyCount "49"]
[WhiteFideId "16244753"]
[BlackFideId "1060708"]
[EventCountry "GER"]
[EventRounds "9"]
[EventType "swiss"]
[EventDate "2021.08.22"]

1. e4 {[%clk 1:30:57]} c5 {[%clk 1:30:51]} 2. Nf3 {[%clk 1:31:10]} g6 {[%clk
1:30:57]} 3. d4 {[%clk 1:31:12]} cxd4 {[%clk 1:31:20]} 4. Nxd4 {[%clk 1:31:30]}
Bg7 {[%clk 1:31:37]} 5. c4 {[%clk 1:31:33]} Nc6 {[%clk 1:31:55]} 6. Be3 {[%clk
1:31:40]} Nf6 {[%clk 1:32:02]} 7. Nc3 {[%clk 1:31:25]} d6 {[%clk 1:31:37]} 8.
Be2 {[%clk 1:30:57]} O-O {[%clk 1:31:33]} 9. O-O {[%clk 1:30:26]} Bd7 {[%clk
1:31:27]} 10. f3 {[%clk 1:28:13]} Nxd4 {[%clk 1:24:22]} 11. Bxd4 {[%clk
1:28:18]} a5 {[%clk 1:24:01]} 12. Na4 {[%clk 1:14:31]} Bxa4 {[%clk 1:16:20]}
13. Qxa4 {[%clk 1:14:52]} Nd7 {[%clk 1:16:09]} 14. Bxg7 {[%clk 1:12:19]} Kxg7
{[%clk 1:16:30]} 15. Qb5 {[%clk 1:04:31]} Nc5 {[%clk 1:03:13]} 16. b4 {[%clk
0:50:35]} axb4 {[%clk 0:58:39]} 17. Qxb4 {[%clk 0:50:44]} Ra4 {[%clk 0:54:31]}
18. Qc3+ {[%clk 0:48:21]} Kg8 {[%clk 0:54:07]} 19. e5 {[%clk 0:44:05]} Qa5
{[%clk 0:47:23]} 20. Qxa5 {[%clk 0:37:10]} Rxa5 {[%clk 0:47:38]} 21. exd6
{[%clk 0:37:20]} exd6 {[%clk 0:47:46]} 22. Rfd1 {[%clk 0:36:51]} Ra6 {[%clk
0:38:52]} 23. Kf2 {[%clk 0:33:34]} Rfa8 {[%clk 0:36:39]} 24. Rd5 {[%clk
0:30:43]} Kf8 {[%clk 0:35:12]} 25. Rad1 {[%clk 0:29:46]} 1/2-1/2